[Event "Memorijal Nesic Predrag IM 202"]
[Site "Pozarevac"]
[Date "2022.02.08"]
[Round "1.1"]
[White "Kandjolas, Konstantin"]
[Black "Milosevic, Milos"]
[Result "0-1"]
[WhiteElo "2084"]
[BlackElo "2296"]
[Annotator "TA"]
[PlyCount "80"]
[EventDate "2022.02.08"]
[EventType "tourn"]
[EventCountry "SRB"]
[SourceTitle "playchess.com"]
[Source "ChessBase"]
[SourceQuality "1"]

{[%evp 20,80,-7,-14,-8,-27,-27,-13,0,0,0,0,21,21,15,21,21,21,16,19,14,0,0,0,0,0,0,-89,-102,-212,-117,-127,0,-113,-105,-275,-301,-280,-239,-362,-354,-367,-363,-471,-444,-577,-568,-577,-564,-650,-664,-798,-801,-1089,-1082,-1081,-1073,-1049,-983,-29980,-29980,-29991,-29991]} 1. d4 Nf6 2. c4 g6 3. Nc3 d5 4. Nf3 Bg7 5. Bg5 Ne4 6. cxd5 Nxg5 7. Nxg5 e6 8. Nf3 exd5 9. e3 O-O 10. b4 Be6 11. Be2 Nd7 {D91: Grünfeld: 4 Nf3 Bg7 5 Bg5.} 12. Qb3 c6 13. O-O b5 {The position is equal.} 14. a4 a6 15. a5 {[#]} g5 $146 {[%cal Bg6g5,Bg5g4][%mdl 32]} ({Predecessor:} 15... c5 16. bxc5 Nxc5 17. Qa3 Nb7 18. Nd2 Nd6 19. Nb3 Nc4 20. Qa2 Rc8 21. Rfc1 Qg5 {0-1 (39) Cakmak,S (1780)-Kocyigit,B (2043) Antalya 2019}) 16. Rac1 g4 17. Ne1 c5 18. bxc5 Nxc5 19. Qd1 Ne4 ({But not} 19... Qxa5 {[#]} 20. Nxb5 $1 axb5 21. Rxc5 $16) 20. Nxe4 dxe4 21. Bxg4 f5 ({Don't do} 21... Qxa5 22. Bxe6 fxe6 23. Qg4 $16) 22. Be2 Qxa5 23. Rc5 (23. g3 $11) 23... Rfc8 $17 {[#] Threatens to win with ...Rxc5. Black is more active.} 24. Qc2 (24. Nc2 $17 {keeps fighting.}) 24... Qa3 ({Black should try} 24... Rxc5 $19 25. Qxc5 Rc8) 25. g4 Bf8 (25... Rxc5 $17 26. dxc5 Rc8 27. gxf5 Bxf5) 26. Rc6 (26. gxf5 $11 {was the only way to keep the balance.} Rxc5 27. dxc5 Bxf5 28. c6) 26... Bd7 $36 {[%mdl 2048] Black is in control.} (26... fxg4 $2 27. Qxe4 Rxc6 28. Qxc6 $18) 27. d5 {This move loses the game for White.} (27. Rc7 $17) 27... Bxc6 $19 28. dxc6 Qc5 ({Not} 28... Qa4 $2 29. gxf5 Qxc2 30. Nxc2 $19) 29. Qb3+ (29. gxf5 $142 Qxc6 30. Qb1) 29... Kh8 30. Ng2 {[%cal Be1g2,Bg2f4,Bf4e6][%mdl 32]} Rxc6 31. Nf4 Bd6 32. Ne6 Qe5 {[%csl Gd6][%cal Re5h2]} 33. Nf4 fxg4 34. Rd1 Rf8 35. Rd5 Qf6 36. Bxg4 Bxf4 37. exf4 Qxf4 38. Qb2+ Rcf6 39. Bf5 e3 40. Rd8 Qxf2+ {Weighted Error Value: White=0.79/Black=0.10 (very precise)} 0-1

[Event "Memorijal Nesic Predrag IM 202"]
[Site "Pozarevac"]
[Date "2022.02.08"]
[Round "1.2"]
[White "Klukin, Kirill"]
[Black "Spasic, Petar"]
[Result "1-0"]
[WhiteElo "2374"]
[BlackElo "2334"]
[Annotator "TA"]
[PlyCount "81"]
[EventDate "2022.02.08"]
[EventType "tourn"]
[EventCountry "SRB"]
[SourceTitle "playchess.com"]
[Source "ChessBase"]
[SourceQuality "1"]

{[%evp 19,81,12,11,21,33,0,0,0,0,-6,5,0,0,2,0,5,26,18,20,20,18,39,28,32,37,27,34,0,0,0,0,0,35,0,0,-81,-55,-340,0,0,0,-34,-34,-11,0,0,0,0,645,603,643,650,650,650,637,631,577,379,363,292,29982,29983,29991,29992]} 1. d4 Nf6 2. c4 g6 3. Nc3 d5 4. Bg5 Ne4 5. Bh4 Nxc3 6. bxc3 Bg7 7. cxd5 Qxd5 8. e3 c5 9. Nf3 {[%cal Bg1f3,Bf3d2,Bd2b3,Bb3c5,Bc5a6][%mdl 32]} Nc6 10. Be2 O-O 11. O-O {D91: Grünfeld: 4 Nf3 Bg7 5 Bg5.} b6 12. Nd2 {[%cal Oh4e7]} Bb7 {[%cal Rc6d4] Hoping for ...Nxd4!} 13. Bf3 {The position is equal.} Qd7 {[%cal Rc5d4] [#]} 14. dxc5 $146 ({Predecessor:} 14. Qa4 Rfd8 15. Rad1 Ne5 16. Qxd7 Nxf3+ 17. Nxf3 Rxd7 18. dxc5 Rad8 19. Rxd7 Rxd7 20. cxb6 axb6 {1-0 (32) Veselsky,J (2225)-Szegi,V Slovakia 1995}) 14... Rad8 (14... bxc5 15. Nb3 Qf5 16. Qb1 $16) (14... Bxc3 15. Nc4 Qxd1 16. Raxd1 $16) 15. Nb3 Ne5 (15... Bxc3 16. Qxd7 Rxd7 17. Rac1 $14) 16. Bxb7 Qxb7 17. Qe2 bxc5 18. Nxc5 Qc7 19. Na6 Qxc3 20. Bxe7 Rd2 21. Qb5 Rc8 {[%cal Od2f2]} 22. Bb4 Rb2 $1 23. Rad1 {And now Qa5 would win.} Qc6 24. a4 Qe4 25. Rd4 Qc2 26. Rd5 Qe4 27. Rfd1 (27. Qb7 $11 {remains equal.} Qc4 28. Qb5) 27... h5 {[%mdl 1024] Black has strong compensation.} 28. Qb7 $2 {[%mdl 8192] [#]} (28. Qf1 $1 $15) 28... Re8 $2 (28... Kh7 $1 $19 {[%cal Ob2f2][%mdl 512] ...Rxf2! is the strong threat.} 29. Qxc8 Qxd5 $1) 29. h3 $1 $11 Nc4 30. Rd7 {aiming for Qxe4. Chess con chili.} Qc2 {[%csl LRa4,LRf2]} 31. Rf1 Ne5 32. Rc7 Qxa4 33. f4 $40 {[%mdl 128] White is up to no good.} Nd3 {[%mdl 8192] [#]} (33... Nf3+ $11 34. Qxf3 (34. gxf3 Qa2) 34... Qxa6) 34. Rxf7 $1 $18 Rxg2+ 35. Qxg2 Qxa6 {[#]} 36. Rxg7+ {[%mdl 512]} Kxg7 37. Bc3+ Kh7 38. Ra1 Qe6 {[#]} 39. Bd4 {[%cal Of4f5] f5! would kill now.} ({Not} 39. Rxa7+ Re7 40. Rxe7+ Qxe7 $18) 39... Nb4 $2 (39... Re7 $18 40. Qa8 (40. Rxa7 Rxa7 41. Bxa7 Qd7 $16) 40... Qg8) 40. Rxa7+ Re7 41. Qa8 {White used his chance.  Weighted Error Value: White=0.24 (precise) /Black=0.51} 1-0

[Event "Memorijal Nesic Predrag IM 202"]
[Site "Pozarevac"]
[Date "2022.02.08"]
[Round "1.3"]
[White "Dev, Shah"]
[Black "Milanovic, Slavisa"]
[Result "1/2-1/2"]
[WhiteElo "2272"]
[BlackElo "2296"]
[Annotator "TA"]
[PlyCount "58"]
[EventDate "2022.02.08"]
[EventType "tourn"]
[EventCountry "SRB"]
[SourceTitle "playchess.com"]
[Source "ChessBase"]
[SourceQuality "1"]

{[%evp 11,58,32,40,47,51,51,52,58,54,48,91,89,98,104,103,62,89,75,84,57,125,121,121,116,122,14,19,0,0,0,0,-34,-27,-39,-34,-54,-48,-72,-48,-71,-89,-89,-91,-93,-92,-81,-68,-87,-17]} 1. d4 e6 2. c4 Nf6 3. g3 Bb4+ 4. Nd2 O-O 5. Bg2 d6 6. Ngf3 Qe7 7. O-O {E11: Bogo-Indian.} Bxd2 8. Qxd2 e5 9. dxe5 {White is slightly better.} dxe5 10. b4 {[%cal Bb2b4,Bb4b5][%mdl 32] [#]} Nc6 $146 (10... c5 $14 {is more appropriate.}) ({Predecessor:} 10... Rd8 11. Qc3 Nc6 12. b5 Nd4 13. Nxd4 exd4 14. Qd3 Bg4 15. Re1 c5 16. bxc6 bxc6 {1-0 (41) Deac,B (2625)-Stoleriu,G (2349) Iasi 2021}) 11. b5 $16 Rd8 12. Qe3 Ng4 13. Qb3 (13. Qa3 $16 Qxa3 14. Bxa3) 13... Nd4 $14 14. Nxd4 exd4 15. Ba3 {This bishop pair is nice.} Qf6 (15... Qxe2 $2 16. Rae1 Qd2 17. Be7 $18) ({Better is} 15... Qe6 $14) 16. h3 $16 Ne5 17. f4 Nd7 18. c5 {White is more active.} ({White should play} 18. Rad1 $16) 18... a6 $11 19. c6 bxc6 20. bxc6 Nb6 21. Rad1 Be6 22. Qc2 Nd5 {aiming for ...Ne3.} 23. Bxd5 Bxd5 {[%cal Be6d5,Bd5c6,Bc6e4][%mdl 32]} 24. Bb2 Bxc6 25. e3 {[%cal Rb2d4]} Qe6 $1 26. Bxd4 Be4 27. f5 {[#]} Qxf5 28. Qxc7 Qe6 29. Qe5 {[#]} Qxe5 {Weighted Error Value: White=0.16 (very precise) /Black=0.07 (flawless)} ({Black should try} 29... Qg6 $1 $17) 1/2-1/2

[Event "Memorijal Nesic Predrag IM 202"]
[Site "Pozarevac"]
[Date "2022.02.08"]
[Round "1.5"]
[White "Sanz Wawer, Daniel"]
[Black "Petrovic, Aleksa"]
[Result "1/2-1/2"]
[WhiteElo "2371"]
[BlackElo "2296"]
[Annotator "TA"]
[PlyCount "99"]
[EventDate "2022.02.08"]
[EventType "tourn"]
[EventCountry "SRB"]
[SourceTitle "playchess.com"]
[Source "ChessBase"]
[SourceQuality "1"]

{[%evp 12,99,-2,0,10,10,7,-14,18,0,0,-41,-50,-41,-47,-43,0,-12,-9,-6,-10,-16,-3,0,57,57,58,70,67,60,58,58,58,58,58,58,59,51,59,59,59,59,59,59,80,80,91,70,89,59,64,64,64,59,59,59,59,13,23,18,39,0,0,0,0,0,0,0,0,0,131,114,151,0,0,0,65,0,0,0,0,0,0,0,0,0,0,0,0,0]} 1. e4 c5 2. Nf3 e6 3. d4 cxd4 4. Nxd4 a6 5. Nc3 Qc7 6. Be3 b5 7. Bd3 Bb7 {B43: Sicilian: Kan Variation: 5 Nc3.} 8. O-O Nf6 9. f3 b4 10. Na4 d5 {[%cal Rd5e4]} 11. exd5 (11. c4 $11 {feels stronger.} dxe4 12. Bxe4) 11... Nxd5 $15 12. Bf2 Bd6 13. g3 O-O {[#]} (13... Nc6 $1 $15 {should be considered.}) 14. c4 $146 ({Predecessor:} 14. Rc1 Nd7 15. c4 bxc3 16. Nxc3 Qb8 17. Ne4 Be7 18. Qa4 Ne5 19. Be2 Nb6 20. Qb3 {½-½ (35) Abel,I (2014)-Balog,M (2288) Eger 2008}) 14... bxc3 15. Rc1 $36 {[%cal Ra4c3][%mdl 2048] White has the initiative.} Nc6 16. Nxc6 Bxc6 17. Nxc3 Nxc3 (17... Nb4 $11) 18. Rxc3 $14 Qb7 {[%csl LRb2,LRf3] [#]} 19. Bxh7+ $1 Kxh7 20. Qc2+ ({Much worse is} 20. Qxd6 Bxf3 21. Bd4 Bh1 $11) 20... g6 21. Rxc6 Rac8 $1 22. Rxc8 Rxc8 23. Qe2 Bc5 24. Rd1 {[%cal Bf1d1,Bd1d2,Bd2e2][%mdl 32]} Qa7 25. Rd2 a5 26. Kg2 {[#] Rc2 is the strong threat.} Bxf2 27. Qxf2 {[%mdl 4096] Endgame KQR-KQR} Qb7 28. Qd4 Qe7 29. b3 (29. a3 {with more complications.} Rc1 30. h4 e5 31. Qd7 Qxd7 32. Rxd7 Kg7 33. Rd5) 29... Rc5 30. Re2 e5 31. Qe4 {White is more active.} (31. Qd3 {is more complex.} Qc7 32. Rd2 Kg7 33. Qe4 Rc1 34. Re2) 31... Qd6 32. Rc2 (32. h4 {keeps more tension.} Kg7 33. g4 Rd5 34. Kg3 Qc5 35. h5) 32... Rxc2+ 33. Qxc2 {KQ-KQ} Qd4 34. a3 (34. Qc4 $14 Qd2+ 35. Kf1) 34... Kg7 35. h4 Qe3 36. Qb2 {Threatens to win with b4.} Kg8 37. b4 e4 38. fxe4 Qxe4+ 39. Kh2 axb4 40. axb4 {[%cal Ba3b4,Bb4b5][%mdl 32]} Qb7 (40... g5 $1 $11) 41. b5 $16 {aiming for b6.} Qb6 42. Qe2 $2 ({White should try} 42. Kg2 $16) 42... Qd4 $1 $11 43. Kh3 Qg1 ({Black should play} 43... Qd7+ $1 $11 44. g4 Qd4) 44. Qe8+ ({Better is} 44. Qc4 $14) 44... Kg7 {( -> ...Qh1+). The position is equal.} 45. Qe5+ Kg8 46. g4 Qh1+ 47. Kg3 Qg1+ 48. Kf3 Qf1+ 49. Ke4 {Black must now prevent Kd4.} Qe2+ 50. Kf4 {Weighted Error Value: White=0.12 (very precise) /Black=0.15 (very precise)} 1/2-1/2

[Event "Memorijal Nesic Predrag IM 202"]
[Site "Pozarevac"]
[Date "2022.02.09"]
[Round "2.1"]
[White "Milanovic, Slavisa"]
[Black "Kandjolas, Konstantin"]
[Result "1-0"]
[WhiteElo "2296"]
[BlackElo "2084"]
[Annotator "TA"]
[PlyCount "73"]
[EventDate "2022.02.08"]
[EventType "tourn"]
[EventCountry "SRB"]
[SourceTitle "playchess.com"]
[Source "ChessBase"]
[SourceQuality "1"]

{[%evp 20,73,31,24,81,64,70,52,97,95,105,96,154,160,496,468,458,481,643,628,643,597,653,643,654,618,649,623,664,641,640,505,503,508,505,497,508,507,511,517,506,502,521,509,642,635,634,593,724,705,782,775,954,939,910,904]} 1. Nf3 Nf6 2. c4 g6 3. Nc3 Bg7 4. e4 d6 5. d4 O-O 6. h3 Nbd7 7. Be3 e5 8. d5 Nc5 9. Nd2 a5 10. g4 c6 {10...c6 scores better than 10...Ne8.} 11. Be2 Nfd7 {E92: King's Indian: Classical: 6 Be2 e5: 7 dxe5, 7 Be3 and Petrosian System without 7...Nbd7.} (11... a4 $11) 12. h4 $16 {[%cal Bh3h4,Bh4h5][%mdl 32]} a4 13. h5 Qa5 (13... Bf6 $14) 14. a3 {[#]} Rb8 $146 ({Predecessor:} 14... Re8 15. Kf1 Qd8 16. g5 f5 17. hxg6 hxg6 18. exf5 gxf5 19. Bh5 Re7 20. Bg6 Nf8 {1-0 (28) Arun Prasad,S (2482)-Myint,H (2277) Yangon 2014}) 15. Kf1 Nb6 ({Better is} 15... Ra8) 16. Kg2 {Qg1 is the strong threat.} f5 $2 (16... Nbd7 $16 {is more resistant.} 17. Qg1 Re8) 17. hxg6 $18 {White is clearly winning.} hxg6 18. gxf5 gxf5 19. Qg1 f4 {[#]} 20. Qh2 $1 Rf6 (20... Rf7 21. Bxc5) 21. Qh7+ Kf8 22. Bxc5 Qxc5 23. Rag1 {Strongly threatening Kf1.} cxd5 24. Kf1 Qc7 25. Qh8+ Bxh8 26. Rxh8+ Ke7 27. Rg7+ {[%mdl 64] [#] Skewer} Rf7 28. Rxf7+ Kxf7 29. Rh7+ {[%mdl 64] Skewer} Kf6 30. Rxc7 Bh3+ 31. Ke1 d4 32. Nd5+ Nxd5 33. cxd5 b5 34. Rh7 Bg2 35. f3 b4 36. Rh2 bxa3 37. bxa3 {Black got outplayed after the opening.  Weighted Error Value: White=0.10 (very precise) /Black=0.52} ({Don't blunder} 37. Rxg2 $2 a2 38. Nc4 a1=Q+ $19) 1-0

[Event "Memorijal Nesic Predrag IM 202"]
[Site "Pozarevac"]
[Date "2022.02.09"]
[Round "2.2"]
[White "Zlatanovic, Boroljub"]
[Black "Klukin, Kirill"]
[Result "0-1"]
[WhiteElo "2338"]
[BlackElo "2374"]
[Annotator "TA"]
[PlyCount "69"]
[EventDate "2022.02.08"]
[EventType "tourn"]
[EventCountry "SRB"]
[SourceTitle "playchess.com"]
[Source "ChessBase"]
[SourceQuality "1"]

{[%evp 20,69,21,15,33,26,18,0,0,10,12,0,0,0,10,0,0,-26,0,0,0,0,26,24,37,29,41,0,0,0,0,0,0,0,0,0,0,0,0,0,0,0,0,0,0,-620,-648,-670,-683,-672,-598,-29978]} 1. c4 c5 2. g3 Nc6 3. Bg2 g6 4. Nc3 Bg7 5. Nf3 a6 6. a3 Rb8 7. Rb1 b5 8. cxb5 axb5 9. b4 cxb4 10. axb4 e5 11. d4 exd4 {A37: Symmetrical English vs ...g6: 4 Bg2 Bg7 5 Nf3.} 12. Nd5 Nf6 13. Bg5 h6 {The position is equal.} 14. Nxf6+ Bxf6 15. Bxf6 Qxf6 16. Qd2 O-O {[%cal Bh8f8,Bf8e8,Be8e4][%mdl 32]} 17. O-O Kg7 {[#]} 18. Rbd1 $146 {[%cal Rf3d4]} ({Predecessor:} 18. Rfc1 Rb6 19. Ne1 Bb7 20. Nd3 Ne5 21. Nxe5 Qxe5 22. Rc5 Qf6 23. Bxb7 Rxb7 24. Rb3 {1-0 (55) Hickl,J (2608)-Kosten,A (2524) Switzerland 2006}) 18... Re8 {[%cal Od4d3]} (18... d3 $5 {[%cal Rd3e2]}) 19. Rfe1 {[%cal Rf3d4]} Re4 20. Ng5 {[%cal Bf3g5,Bg5e4,Be4c5][%mdl 32]} Re8 (20... Re5 $5 {[%cal Rh6g5]} 21. Nf3 Re4 $11) 21. Ne4 Qe5 22. Nc5 Re7 23. Bxc6 (23. e3 $14) 23... dxc6 $11 24. Qxd4 Qxd4 25. Rxd4 Be6 26. Ra1 Bc4 27. e4 Ree8 28. f4 Ra8 29. Rad1 Ra2 30. R4d2 {Inhibits Rb2.} Rea8 31. Kf2 h5 32. Nd7 $2 {[%mdl 8192]} (32. h4 $11) 32... Bb3 $19 {Black is clearly winning.} 33. Ke3 Bxd1 34. Rxd1 Rd8 {[#] aiming for ...Ra7.} 35. Kd4 {Weighted Error Value: White=0.37/Black=0.09 (flawless)} 0-1

[Event "Memorijal Nesic Predrag IM 202"]
[Site "Pozarevac"]
[Date "2022.02.09"]
[Round "2.3"]
[White "Milosevic, Milos"]
[Black "Sanz Wawer, Daniel"]
[Result "0-1"]
[WhiteElo "2296"]
[BlackElo "2371"]
[Annotator "TA"]
[PlyCount "86"]
[EventDate "2022.02.08"]
[EventType "tourn"]
[EventCountry "SRB"]
[SourceTitle "playchess.com"]
[Source "ChessBase"]
[SourceQuality "1"]

{[%evp 9,86,15,14,14,14,25,20,21,20,8,41,32,47,43,43,28,79,49,77,61,64,46,89,-3,0,-13,19,35,3,-14,0,0,0,0,0,0,29,11,13,-266,-271,-310,-306,-280,-296,-417,-398,-378,-138,-114,-130,-167,-146,-238,-191,-372,-374,-772,-739,-1043,-1294,-1467,-1479,-1481,-1483,-1265,-852,-5618,-6049,-1770,-1494,-1460,-741,-741,-733,-29970,-29962,-6008,-5758]} 1. e4 c6 2. d4 d5 3. e5 c5 4. dxc5 e6 5. a3 Bxc5 6. Qg4 {B12: Caro-Kann: Advance Variation.} Ne7 7. Nf3 Nbc6 8. b4 {The position is equal.} Bb6 {[#]} 9. Bb2 $146 ({Predecessor:} 9. Bd3 Ng6 10. O-O h5 11. Qg3 Nd4 12. Bg5 Qc7 13. Nbd2 Nf5 14. Qh3 f6 15. exf6 gxf6 16. Bxf6 {½-½ (37) Ilyin,P (2433)-Woodard,D (2426) ICCF email 2019}) 9... Nf5 10. Bd3 h5 11. Qf4 Nce7 12. Qg5 Qc7 (12... Bd7 $11 {keeps the balance.}) 13. Nc3 a6 14. Ne2 Bd7 {[%cal Bc8d7,Bd7c6,Bc6d5][%mdl 32]} 15. Ng3 O-O-O (15... h4 $14 {feels stronger.} 16. Nxf5 Nxf5) 16. Nxh5 (16. Nxf5 $16 Nxf5 17. Bxf5 exf5 18. O-O) 16... d4 17. Ng3 (17. Nxg7 Rdg8 18. Nxf5 Rxg5 19. Nd6+ Kb8 20. Nxg5 f6 21. exf6 Qxd6 22. fxe7 (22. Ne4 Qf4 $11) 22... Rxh2 23. Rxh2 Qxh2 $15) 17... Nxg3 18. Qxg3 Bc6 19. O-O-O Nd5 20. Nd2 (20. Bxd4 Bxd4 21. Nxd4 Ba4 $17) (20. Qxg7 $2 Rdg8 21. Qg3 Rxg3 22. hxg3 Rd8 $19) 20... Nc3 21. Bxc3 dxc3 22. Nc4 Bd5 {A strong pair of Bishops.} 23. Nd6+ Kb8 {White must now prevent ...Qc6.} 24. Be2 $2 {[%mdl 8192]} ({But not} 24. Qxg7 $2 Qc6 25. Rde1 (25. Nxf7 $2 Qa4 $19) 25... Qa4 $19) (24. Be4 $11 Bxe4 25. Nxe4) 24... f6 $19 25. f4 {[#]} g5 $1 {[%mdl 64] Deflection} 26. fxg5 fxe5 27. Rxd5 (27. Qxe5 {was worth a try.} Qxd6 28. Qxd6+ Rxd6 29. h4) 27... exd5 28. Nf5 e4 $2 (28... Qd7 $19 {is more deadly.} 29. Rf1 (29. Qxe5+ $2 Bc7 $19) 29... Rhf8 30. Qxe5+ Bc7 31. Qxc3 Rxf5) 29. Qxc7+ $17 Bxc7 30. g3 Rdg8 31. Nh6 (31. h4 $17 {was necessary.}) 31... Rf8 {...Rf2 is the strong threat.} ({Weaker is} 31... Rxg5 32. Nf7 Rgg8 33. Nxh8 Rxh8 34. h4 $17) 32. Bg4 $2 (32. Kd1) 32... Rf2 $19 33. Be6 $2 (33. Bd1) 33... e3 34. Ng4 {[#]} e2 $1 {[%mdl 512]} 35. Nxf2 {[#]} Rxh2 $3 {[%mdl 512]} 36. Re1 (36. Rg1 Bb6) 36... Rxf2 {[%mdl 4096] Endgame KRB-KRB} 37. Bh3 {Inhibits Rf1.} Bxg3 {( -> ...Rh2)} 38. g6 {[#]} Rg2 $3 {[%mdl 512]} 39. Rh1 Rh2 40. Rg1 e1=Q+ 41. Rxe1 Bxe1 42. Be6 Bd2+ 43. Kb1 Rg2 {Weighted Error Value: White=0.72/Black=0.27 (precise)} 0-1

[Event "Memorijal Nesic Predrag IM 202"]
[Site "Pozarevac"]
[Date "2022.02.09"]
[Round "2.5"]
[White "Spasic, Petar"]
[Black "Dev, Shah"]
[Result "1-0"]
[WhiteElo "2334"]
[BlackElo "2272"]
[Annotator "TA"]
[PlyCount "107"]
[EventDate "2022.02.08"]
[EventType "tourn"]
[EventCountry "SRB"]
[SourceTitle "playchess.com"]
[Source "ChessBase"]
[SourceQuality "1"]

{[%evp 9,107,0,0,-5,15,0,16,25,41,15,16,3,17,0,11,0,0,-14,-4,-22,-7,-21,-5,-13,12,0,39,33,64,0,28,0,0,-8,14,11,16,4,47,49,44,48,41,38,42,0,0,0,-8,-21,-16,-19,-19,-35,100,37,130,120,204,218,209,187,388,410,385,407,398,396,401,369,377,375,339,257,405,370,437,408,460,224,230,170,163,150,135,135,334,320,277,224,580,532,773,656,1004,1003,1113,1088,29988,29989]} 1. Nf3 Nf6 2. b3 c5 3. Bb2 e6 4. g3 Nc6 5. Bg2 d5 6. O-O {A06: Réti Opening: 1 Nf3 d5.} Bd6 7. d4 {Inhibits e5.} cxd4 {now scores much better than the old 7...0-0.} 8. Nxd4 {[%cal Oe2e4] The position is equal.} O-O 9. Nxc6 bxc6 10. c4 Rb8 11. Qc2 {[#]} e5 $146 ({Predecessor:} 11... Qe7 12. e4 Nxe4 13. Bxe4 dxe4 14. Qxe4 f5 15. Qe2 e5 16. Nd2 Bd7 {½-½ (41) Tomeo,N (2043)-Koch,J (2037) Merlo 2008}) 12. Rd1 Be6 13. Nd2 Qe7 14. Rac1 Rbc8 15. c5 Bb8 16. e4 dxe4 {[%cal Oe4e3]} 17. Re1 Nd7 18. Nxe4 f5 19. Nd2 {White is more active.} (19. Nd6 $1 $14) 19... Bd5 20. f4 e4 21. Nf1 Nf6 22. Ne3 Be6 23. Bf1 h6 (23... Nd5 $11 {deserves consideration.}) 24. Bc4 $14 Kh7 25. Bxe6 Qxe6 26. Qc4 $36 {[%mdl 2048] White has the initiative.} Nd5 27. Red1 ({White should try} 27. Nxd5 $14 cxd5 28. Qd4) 27... Bxf4 $11 28. gxf4 {[%cal Re3d5]} Qg6+ 29. Ng2 Nxf4 $1 {[%csl Gf4][%cal Rg6g2]} 30. Rc2 Rcd8 {[%mdl 1024] Prevents Rd7. Black has compensation.} 31. Rf1 Nh3+ (31... Nd3 $15) 32. Kh1 $14 {And now Rc3 would win.} Rd7 (32... Qh5 $1 $14) 33. Be5 $16 Qh5 {[#]} (33... Rd5 $16 {keeps fighting.}) 34. Bd6 $1 $18 Rf6 35. Ne3 Rdf7 $2 (35... Ng5 36. Rcf2 (36. Rxf5 $2 Rxf5 37. Qe2 Rf3 $19) (36. Nxf5 Rdf7 $15) 36... Qh3) 36. Be5 Rg6 {[%cal Of5f4]} 37. Qxf7 Qf3+ 38. Rg2 Rxg2 {[%csl Gh3][%cal Rg2g1]} 39. Qxf5+ Qxf5 40. Nxf5 Rxa2 41. Bg3 {To avoid Nf2+} ({Weaker is} 41. Bxg7 Nf2+ 42. Kg2 Nd3+ 43. Kh3 e3 $14) 41... g5 (41... a5 $142 42. Nd4 a4 43. bxa4 Rxa4) 42. Re1 Rc2 43. b4 Rc4 {[%cal Bc2c4,Bc4b4,Bb4b2][%mdl 32]} 44. Nd6 (44. Ne7 $142) 44... Rxb4 45. Rxe4 ({Don't take} 45. Nxe4 Rb2 46. Nf6+ Kg6) 45... Rb2 46. Nf5 {Strongly threatening Re6.} h5 47. Nd4 Kg6 $2 {A mistake that costs the game.} (47... a5 $16 48. Nxc6 Rc2 49. Nxa5 Rxc5) 48. Nxc6 h4 {[#]} 49. Be1 {Hoping for Ne7+.} ({Don't blunder} 49. Nxa7 $2 hxg3 50. hxg3 Nf2+ 51. Kg2 Nxe4+ $19) 49... Rc2 $2 (49... Nf4 50. Bxh4 Kf5 51. Re5+ Kg4) 50. Ne5+ Kf5 51. Rc4 Re2 52. Nf3 {aiming for Nd4+.} Re3 {[#]} 53. c6 $1 {[%cal Bc5c6,Bc6c7][%mdl 32]} Rxf3 (53... Re8 54. c7) 54. c7 {Weighted Error Value: White=0.16 (very precise) /Black=0.53} 1-0

[Event "Memorijal Nesic Predrag IM 202"]
[Site "Pozarevac"]
[Date "2022.02.10"]
[Round "3.1"]
[White "Dev, Shah"]
[Black "Zlatanovic, Boroljub"]
[Result "0-1"]
[WhiteElo "2272"]
[BlackElo "2338"]
[Annotator "TA"]
[PlyCount "70"]
[EventDate "2022.02.08"]
[EventType "tourn"]
[EventCountry "SRB"]
[SourceTitle "playchess.com"]
[Source "ChessBase"]
[SourceQuality "1"]

{[%evp 25,70,12,18,0,1,13,12,10,0,0,2,11,7,-40,0,-145,-139,-136,-137,-140,-128,-155,-155,-319,-323,-397,-384,-439,-419,-384,-408,-367,-247,-246,-179,-314,-329,-564,-564,-613,-612,-1139,-1115,-29993,-29994,-29994,-1431]} 1. d4 g6 2. c4 Bg7 3. Nf3 d6 4. Nc3 Nf6 5. g3 O-O 6. Bg2 Nc6 7. O-O Bg4 8. d5 Na5 9. b3 c6 10. dxc6 Nxc6 11. Bb2 Qa5 12. Nd4 Bd7 13. e3 Rfc8 14. a3 {E60: King's Indian: Unusual lines and Fianchetto Variation without Nc3.} Rab8 15. Rc1 a6 16. b4 {The position is equal.} Qd8 17. Nd5 Nxd5 18. Bxd5 {[#]} Rc7 $146 ({Predecessor:} 18... e6 19. Nxc6 Bxc6 20. Bxg7 Kxg7 21. Bxc6 Rxc6 22. Qd4+ Qf6 23. Rc2 Rbc8 24. Rfc1 b5 25. Qd3 bxc4 26. Rxc4 Rxc4 27. Rxc4 Rxc4 28. Qxc4 {1-0 (52) Khegay,D (2528)-Zhurov,S (2254) Sevastopol 2021}) 19. Qe2 (19. Qf3 Ne5 20. Qe2 Bg4 $17) (19. Qb3 $11) 19... Rbc8 {[%cal Bb8c8,Bc8c4,Bc4c3][%mdl 32]} (19... Qc8 $5 {[%cal Rc6e5]}) 20. Nb3 {[#]} (20. Qf3 Ne5 21. Qe4 b6 $17) (20. Nf3 $11 {remains equal.}) 20... Bxb2 $1 $17 21. Qxb2 Ne5 22. Qd4 {[#] Inhibits Nd3.} Rxc4 $3 {[%mdl 512]} 23. Rxc4 (23. Qd2 Bh3) 23... Rxc4 24. Qa7 {Loses the game.} (24. Qd2 $17 Rc7 25. Bg2) 24... Rc3 $19 25. Nd4 Bh3 26. Bg2 Bxg2 27. Kxg2 Qc8 28. a4 Nd3 {And now ...Rc4 would win.} 29. b5 e5 30. bxa6 (30. Nf3 $142) 30... bxa6 (30... exd4 $2 31. axb7 Qc6+ 32. Kg1 $18) 31. Rb1 $2 (31. Nf3 Qc6 32. Qb8+ Kg7 33. h3) 31... Kg7 ({Weaker is} 31... exd4 32. Rb8 dxe3 33. Rxc8+ Rxc8 34. Qxe3 $16 (34. Qxa6 e2 $11)) 32. Rb7 Qc4 (32... exd4 {gets mated.} 33. Rxf7+ Kh6 34. Rxh7+ Kg5 35. Qe7+ Kg4 36. Rh4+ Kf5 37. g4#) 33. Nf3 {Prevents Ne1+.} Rc2 34. Ng5 Rxf2+ 35. Kh3 {[#]} Nc5 {Weighted Error Value: White=1.18/Black=0.07 (flawless)} (35... Nf4+ $142 $1 {[%mdl 512]} 36. gxf4 Qf1+ 37. Kg4 Qg1+ 38. Kh4 Rxh2+ 39. Nh3 Qf2+ 40. Kg5 Qg3#) 0-1